Statistics for Super Smash Bros. Characters by First Playable Appearance

Click here to take the quiz!

General Stats

  • This quiz has been taken 239 times
    (149 since last reset)
  • The average score is 58 of 107

Answer Stats

GameFighter% Correct
Pac-ManPac-Man
96%
Duck HuntDuck
92%
The Legend of ZeldaLink
92%
Mario Bros.Luigi
92%
Mega ManMega Man
92%
Dr. MarioDr. Mario
90%
Donkey KongMario
90%
MetroidSamus
90%
Ice ClimberIce Climbers
89%
Kirby's DreamlandKirby
89%
Kid IcarusPit
89%
Metal GearSnake
89%
Sonic the HedgehogSonic
89%
Wario Land: Mario Land 3Wario
89%
Donkey Kong CountryDiddy Kong
87%
Street FighterKen
87%
Punch-Out!!Little Mac
87%
BallMr. Game and Watch
87%
Star FoxFox
86%
Dragon Quest IIIHero
86%
Super Mario Bros. 2Peach
86%
Street FighterRyu
86%
Fire Emblem: Shadow Dragon and the Blade of LightMarth
83%
EarthboundNess
83%
Castlevania: Rondo of BloodRichter
83%
CastlevaniaSimon
83%
F-ZeroCaptain Falcon
82%
Dragon Quest IVHero
82%
Fatal Fury: King of FightersTerry
82%
Super Mario KartBowser
79%
Pokémon Red/GreenCharizard
73%
Donkey Kong CountryDonkey Kong
73%
TekkenKazuya
73%
Final Fantasy VIICloud
70%
Star Fox 64Falco
70%
Banjo-KazooieKazooie
68%
Kirby 64: The Crystal ShardsKing Dedede
68%
Pokémon Red/GreenIvysaur
66%
Super Mario KartYoshi
66%
The Legend of Zelda: Ocarina of TimeYoung Link
63%
PikminOlimar
62%
Pokémon Red/GreenJigglypuff
61%
Pokémon Red/GreenPikachu
61%
Animal ForestVillager
59%
Pokémon Gold/SilverPichu
58%
Mario TennisDaisy
56%
MinecraftSteve
56%
Pokémon Red/GreenMewtwo
55%
The Legend of Zelda: Link to the Past and Four SwordsToon Link
55%
Zelda: The Wand of GamelonZelda
55%
BayonettaBayonetta
54%
Mother 3Lucas
54%
Kingdom HeartsSora
54%
Star Fox: AssaultWolf
54%
Kirby: Nightmare in DreamlandMeta Knight
52%
Wii SportsMii Brawler
52%
Diddy Kong RacingBanjo
51%
Dragon Quest VIIIHero
51%
Fire Emblem: Path of RadianceIke
51%
Pokémon Red/GreenPokémon Trainer (Red)
51%
Metroid: Zero MissionZero Suit Samus
51%
Kid Icarus: UprisingDark Pit
49%
Wii Sports ResortMii Swordfighter
49%
MinecraftAlex
48%
Xenoblade ChroniclesShulk
48%
Pokémon Red/GreenSquirtle
48%
Pokémon Diamond/PearlLucario
46%
Pokémon X/YGreninja
45%
Fire Emblem: AwakeningChrom
42%
Fire Emblem: AwakeningLucina
42%
Pikmin 3Alph
41%
SplatoonInkling
41%
DK: King of SwingKing K. Rool
41%
Pokémon FireRed/LeafGreenPokémon Trainer (Leaf)
41%
Fire Emblem: AwakeningRobin
41%
Super Smash Bros. MeleeRoy
39%
Mario Kart WiiRosalina
38%
Super Smash Bros. MeleeGanondorf
35%
Dragon Quest XIHero
35%
Persona 5Joker
35%
ARMSMin Min
35%
Mario Kart DSR.O.B.
35%
Fire Emblem FatesCorrin
34%
Mario Golf: Toadstool TourBowser Jr.
32%
Xenoblade Chronicles 2Pyra / Mythra
32%
Pokémon Sun/MoonIncineroar
31%
Super Mario Galaxy 2Luma
30%
Fire Emblem: Three HousesByleth
27%
Mario Kart 8Iggy
25%
Ehrgeiz: God Bless the RingSephiroth
24%
Super Smash Bros. MeleeSheik
24%
Mario Kart 8Larry
21%
Mario Kart 8Lemmy
21%
Mario Kart 8Morton
21%
Mario Kart 8Wendy
21%
Mario Kart 8Roy
20%
Mario Kart 8Ludwig
18%
Puzzle and Dragons: Super Mario Bros. EditionPiranha Plant
15%
Mario Kart 8Isabelle
13%
Super Smash Bros. for 3DS/WiiUMii Gunner
13%
Super Smash Bros. for 3DS/WiiUPalutena
13%
Super Smash Bros. UltimateRidley
11%
Super Smash Bros. for 3DS/WiiUDog
8%
Super Smash Bros. UltimateDark Samus
7%
Super Smash Bros. UltimateEnderman
6%
Super Smash Bros. UltimateZombie
6%
Super Smash Bros. for 3DS/WiiUWii Fit Trainer
3%

Score Distribution

Percentile by Number Answered

Percent of People with Each Score

Your Score History

You have not taken this quiz since the last reset